| 000 | 00871nab a2200241 u 4500 | ||
|---|---|---|---|
| 001 | 16380 | ||
| 003 | HDC | ||
| 007 | cr bn ---aaaaa | ||
| 008 | 210220c xx dr|noo 0 a eng d | ||
| 040 | _aHDC | ||
| 245 | 0 | _aSAUDI ARABIA: SUDAN ENJOYS ENCOURAGING ECONOMIC ADVANTAGES TO PRODUCE HALAL MEAT | |
| 260 |
_a[No place] : _b[publisher not identified], _c[no date] |
||
| 336 |
_atext _2rdacontent |
||
| 337 |
_acomputer _2rdamedia |
||
| 338 |
_aonline resource _2rdacarrier |
||
| 650 |
_aHalal food industry _zSaudi Arabia _916227 |
||
| 650 |
_aMeat industry and trade _zSaudi Arabia _916226 |
||
| 710 | _aSudan Commerce News | ||
| 856 | _zRequest full-text at [email protected] | ||
| 942 | _2lcc | ||
| 942 | _cNEWS | ||
| 942 | _kNWSO 004233 | ||
| 999 |
_c13696 _d13696 |
||